| 000 | 00845pam a2200265 i 4500 | ||
|---|---|---|---|
| 001 | 3681366 | ||
| 003 | OSt | ||
| 005 | 20220131024322.0 | ||
| 008 | 780227s1979 nyua b 001 0 eng | ||
| 010 | _a 78002820 | ||
| 020 | _a0070089558 | ||
| 040 |
_aMMU _cMMU _dMMU _beng |
||
| 050 | 0 | 0 |
_aRC630 _b.B87 1979 |
| 082 | 0 | 0 | _a616.3/9 |
| 100 | 1 | _aBurgess, Audrey. | |
| 245 | 1 | 4 |
_aThe nurse's guide to fluid and electrolyte balance / _cAudrey Burgess ; clinical case studies contributed by Delores Phillips Hinds. |
| 250 | _a2d ed. | ||
| 260 |
_aNew York : _bMcGraw-Hill, _cc1979. |
||
| 300 |
_ax, 483 p. : _bill. ; _c24 cm. |
||
| 504 | _aIncludes bibliographies and index. | ||
| 650 | 0 |
_aBody Fluid disorders _xnursing. |
|
| 700 | 1 | _aHinds, Delores Phillips. | |
| 906 |
_a7 _bcbc _corignew _d1 _eocip _f19 _gy-gencatlg |
||
| 942 |
_2lcc _cLOAN LOAN |
||
| 999 |
_c16959 _d16959 |
||